Eurasian Journal of Economic and Business Studies

Salvato in:
Dettagli Bibliografici
Natura: Periodico
Lingua:inglese
Pubblicazione: Almaty Kenzhegali Sagadiyev University of International Business
Tags: Aggiungi Tag
Nessun Tag, puoi essere il primo ad aggiungerne!!

MARC

LEADER 00000nas1a2200000 4500
001 0302948
005 20240704084453.1
022 |a 2789-8253 
022 |a 2789-8261 
041 0 |a eng 
044 |a KZ 
245 1 0 |a Eurasian Journal of Economic and Business Studies 
264 1 |a Almaty  |b Kenzhegali Sagadiyev University of International Business